00752 2200277 4500001002100000005001500021035002000036007000300056008004100059020001800100082001200118084001800130100002200148245010500170250001000275260004500285300002500330650001700355700002300372700002000395990001200415990001200427990001200439990001300451990001000464INLIS00000000000007720220425090356 a0010-0917000063ta220425 g 0 ind  a9789794614945 a808.066 a808.066 WIN k0 aWinarto, Yunita T1 aKarya Tulis Ilmiah Sosial :bMenyiapkan, Menulis, dan Mencermatinya /cPenyunting, Yunita T. Winarto aCet.1 aJakarta :bYayasan Obor Indonesia,c2004 a205hlm ;c16 x 24 cm 4aKarya Ilmiah0 aTotok Suhardiyanto0 aEzra M. Choesin a1071834 a1071450 a1071832 a1071450a a2240A